Govt. of
Madhya Pradesh

Political Parties In Nagaland (Record no. 52336)

MARC details
000 -LEADER
fixed length control field 00397nam a22001577a 4500
003 - CONTROL NUMBER IDENTIFIER
control field MACL
005 - DATE AND TIME OF LATEST TRANSACTION
control field 20160114172807.0
008 - FIXED-LENGTH DATA ELEMENTS--GENERAL INFORMATION
fixed length control field 160114b xxu||||| |||| 00| 0 eng d
040 ## - CATALOGING SOURCE
Transcribing agency English
082 ## - DEWEY DECIMAL CLASSIFICATION NUMBER
Classification number 320/JIM
100 ## - MAIN ENTRY--PERSONAL NAME
Personal name Jimomi Dr. V. Hokuto
9 (RLIN) 32427
245 ## - TITLE STATEMENT
Title Political Parties In Nagaland
260 ## - PUBLICATION, DISTRIBUTION, ETC. (IMPRINT)
Place of publication, distribution, etc. Nagaland
Name of publisher, distributor, etc. Graphic Printers
Date of publication, distribution, etc. 2009
650 ## - SUBJECT ADDED ENTRY--TOPICAL TERM
Topical term or geographic name as entry element Polotics
9 (RLIN) 22528
942 ## - ADDED ENTRY ELEMENTS (KOHA)
Source of classification or shelving scheme
Koha item type Books
Holdings
Withdrawn status Lost status Source of classification or shelving scheme Damaged status Not for loan Home library Current library Date acquired Cost, normal purchase price Total Checkouts Full call number Barcode Date last seen Price effective from Koha item type
          MACL MACL 14/01/2016 550.00   320/JIM CRE027462 02/05/2024 14/01/2016 Books